| 000 | 00824nam a2200181Ia 4500 | ||
|---|---|---|---|
| 008 | 151202s9999||||xx |||||||||||||| ||und|| | ||
| 082 | _bPNVM-64844 | ||
| 100 | _a"शांताराम व्ही. / संकल्पना, शब्दां. जसराज मधुरा." | ||
| 245 | _aशांतारामा. | ||
| 260 | _b"रसिक आंतरभारती, पुणे." | ||
| 260 | _c2007 | ||
| 300 | _a536 | ||
| 600 | _a"शांताराम व्ही. / संकल्पना, शब्दां. जसराज मधुरा." | ||
| 630 | _aशांतारामा. | ||
| 700 | _a"शांताराम व्ही. / संकल्पना, शब्दां. जसराज मधुरा." | ||
| 730 | _aशांतारामा. | ||
| 942 | _cBOOK | ||
| 999 |
_c1331377 _d1331374 |
||